Score 0/225 Timer 01:30
3 Plays Today
% Correct
XXXXXXXXXXXX
99.9%
XXXXXXXXXXXX
99.4%
XXXXXXXXXXXX
99.4%
XXXXXXXXXXXX
99.4%
XXXXXXXXXXXX
99.4%
XXXXXXXXXXXX
99.4%
XXXXXXXXXXXX
99.4%
XXXXXXXXXXXX
99.4%
XXXXXXXXXXXX
99.4%
XXXXXXXXXXXX
99.4%
XXXXXXXXXXXX
99.4%
XXXXXXXXXXXX
99.4%
XXXXXXXXXXXX
99.4%
XXXXXXXXXXXX
99.4%
XXXXXXXXXXXX
99.4%
XXXXXXXXXXXX
99.4%
XXXXXXXXXXXX
99.4%
XXXXXXXXXXXX
99.4%
XXXXXXXXXXXX
99.4%
XXXXXXXXXXXX
99.4%
XXXXXXXXXXXX
99.4%
XXXXXXXXXXXX
99.4%
XXXXXXXXXXXX
99.4%
XXXXXXXXXXXX
99.4%
XXXXXXXXXXXX
99.4%
XXXXXXXXXXXX
99.4%
XXXXXXXXXXXX
99.4%
XXXXXXXXXXXX
99.4%
XXXXXXXXXXXX
99.4%
XXXXXXXXXXXX
99.4%
XXXXXXXXXXXX
99.4%
XXXXXXXXXXXX
99.4%
XXXXXXXXXXXX
99.4%
XXXXXXXXXXXX
99.4%
XXXXXXXXXXXX
99.4%
XXXXXXXXXXXX
99.4%
XXXXXXXXXXXX
99.4%
XXXXXXXXXXXX
99.4%
XXXXXXXXXXXX
99.4%
XXXXXXXXXXXX
99.4%
XXXXXXXXXXXX
99.4%
XXXXXXXXXXXX
99.4%
Belize
94.3%
Belize
94.3%
Belize
94.3%
Belize
94.3%
Belize
94.3%
Belize
94.3%
Belize
94.3%
Belize
94.3%
Belize
94.3%
Belize
94.3%
Belize
94.3%
Belize
94.3%
Belize
94.3%
Belize
94.3%
Belize
94.3%
Belize
94.3%
Belize
94.3%
Belize
94.3%
UnitedStates
93.8%
UnitedStates
93.8%
UnitedStates
93.8%
UnitedStates
93.8%
UnitedStates
93.8%
UnitedStates
93.8%
UnitedStates
93.8%
UnitedStates
93.8%
UnitedStates
93.8%
UnitedStates
93.8%
UnitedStates
93.8%
UnitedStates
93.8%
UnitedStates
93.8%
UnitedStates
93.8%
UnitedStates
93.8%
% Correct
UnitedStates
93.8%
UnitedStates
93.8%
UnitedStates
93.8%
UnitedStates
93.8%
UnitedStates
93.8%
UnitedStates
93.8%
UnitedStates
93.8%
UnitedStates
93.8%
UnitedStates
93.8%
UnitedStates
93.8%
UnitedStates
93.8%
UnitedStates
93.8%
UnitedStates
93.8%
UnitedStates
93.8%
UnitedStates
93.8%
UnitedStates
93.8%
UnitedStates
93.8%
UnitedStates
93.8%
UnitedStates
93.8%
UnitedStates
93.8%
UnitedStates
93.8%
Cuba
84.8%
Cuba
84.8%
Cuba
84.8%
Cuba
84.8%
Cuba
84.8%
Cuba
84.8%
Cuba
84.8%
Cuba
84.8%
Cuba
84.8%
Cuba
84.8%
Cuba
84.8%
Cuba
84.8%
Guatemala
82.3%
Guatemala
82.3%
Guatemala
82.3%
Guatemala
82.3%
Guatemala
82.3%
Guatemala
82.3%
Guatemala
82.3%
Guatemala
82.3%
Guatemala
82.3%
Guatemala
82.3%
Guatemala
82.3%
Guatemala
82.3%
Guatemala
82.3%
Guatemala
82.3%
Guatemala
82.3%
Guatemala
82.3%
Guatemala
82.3%
Guatemala
82.3%
Guatemala
82.3%
Guatemala
82.3%
Guatemala
82.3%
Guatemala
82.3%
Guatemala
82.3%
Guatemala
82.3%
Guatemala
82.3%
Guatemala
82.3%
Guatemala
82.3%
Barbados
81.3%
Barbados
81.3%
Barbados
81.3%
Barbados
81.3%
Barbados
81.3%
Barbados
81.3%
Barbados
81.3%
Barbados
81.3%
Barbados
81.3%
Barbados
81.3%
Barbados
81.3%
Barbados
81.3%
Barbados
81.3%
Barbados
81.3%
Barbados
81.3%
% Correct
Barbados
81.3%
Barbados
81.3%
Barbados
81.3%
Barbados
81.3%
Barbados
81.3%
Barbados
81.3%
Barbados
81.3%
Barbados
81.3%
Barbados
81.3%
Bahamas
79.1%
Bahamas
79.1%
Bahamas
79.1%
Bahamas
79.1%
Bahamas
79.1%
Bahamas
79.1%
Bahamas
79.1%
Bahamas
79.1%
Bahamas
79.1%
Bahamas
79.1%
Bahamas
79.1%
Bahamas
79.1%
Bahamas
79.1%
Bahamas
79.1%
Bahamas
79.1%
Bahamas
79.1%
Bahamas
79.1%
Bahamas
79.1%
Bahamas
79.1%
Bahamas
79.1%
Bahamas
79.1%
Haiti
72.9%
Haiti
72.9%
Haiti
72.9%
Haiti
72.9%
Haiti
72.9%
Haiti
72.9%
Haiti
72.9%
Haiti
72.9%
Haiti
72.9%
Haiti
72.9%
Haiti
72.9%
Haiti
72.9%
Haiti
72.9%
Haiti
72.9%
Haiti
72.9%
ElSalvador
67%
ElSalvador
67%
ElSalvador
67%
ElSalvador
67%
ElSalvador
67%
ElSalvador
67%
ElSalvador
67%
ElSalvador
67%
ElSalvador
67%
ElSalvador
67%
ElSalvador
67%
ElSalvador
67%
ElSalvador
67%
ElSalvador
67%
ElSalvador
67%
ElSalvador
67%
ElSalvador
67%
ElSalvador
67%
ElSalvador
67%
ElSalvador
67%
ElSalvador
67%
ElSalvador
67%
ElSalvador
67%
ElSalvador
67%
ElSalvador
67%
ElSalvador
67%
ElSalvador
67%
ElSalvador
67%
ElSalvador
67%
ElSalvador
67%

You're not logged in!

Compare scores with friends on all Sporcle quizzes.
OR
Log In

Sporcle TV

Today on Sporcle TV


Watch our educational content, quiz creation guides, and fun videos on Sporcle TV.

Show Comments

Extras

Top Quizzes Today


Score Distribution

Paid Content

Your Account Isn't Verified!

In order to create a playlist on Sporcle, you need to verify the email address you used during registration. Go to your Sporcle Settings to finish the process.

Report this User

Report this user for behavior that violates our Community Guidelines.

Details: